| 000 | 00523nam a2200229Ia 4500 | ||
|---|---|---|---|
| 008 | 210210b2009 xxu||||| |||| 00| 0 eng d | ||
| 020 | _a8177228106 | ||
| 041 | _aeng | ||
| 082 | _a001.6424T AGRC | ||
| 100 | _aAGRAWAL (Namrata) | ||
| 245 | _aComdex Tally 9 course kit | ||
| 260 |
_aNew Delhi _bDreamtech _c2009 |
||
| 300 | _axix,391 | ||
| 650 | _aTally | ||
| 650 | _akit | ||
| 650 | _acourse | ||
| 650 | _aComdex | ||
| 650 | _a9 | ||
| 690 | _aComputer Science | ||
| 700 | _aKUMAR (Sanjay) | ||
| 906 | _a064321 | ||
| 999 |
_c116215 _d116215 |
||